Регионална библиотека "Любен Каравелов" - Русе

700 съвета за любителя овощар (Запис номер 56453)

MARC детайли
000 -Лидер
Контролно поле с фиксирана дължина 01384nam a2200349 a 4500
003 - Код на организацията, давaща контролен номер
Контролно поле BLK
005 - Дата и час на последна редакция
Контролно поле 20250607144617.0
008 - Елементи от данни с фиксирана дължина
fixed length control field 180408b bul|||||r ||||||| ||bul||
010 ## - Наследен системен номер
LC control number KNG00060434000
040 ## - Източник на каталожния запис
Идентификатор на билиотеката - собственик на записа BLK
041 ## - Код за език
Код за езика на текст/звукозапис или на отделно заглавие Български
Код за езика КДБФ Български
080 ## - УДК
Текстов определител УДК Овощарство в цялост
УДК код - определител по УДК 634.1
УДК определител (035)
УДК - код + определител 634.1(035)
100 1# - Редна дума - Автор
Автор Виденов, Боян Миланов
Авторска отговорност първи автор
R(LIN) 255022
139 ## - Редно поле
Редна дума Виденов, Боян Миланов и др.
Авторски знак Вид - В 57
245 10 - Сведения за заглавието
Заглавие 700 съвета за любителя овощар
Подзаглавни данни Ръководство
Редно поле (дума) Боян Миланов Виденов; Георги Т. Ковачев; Стойне Л. Манов
250 ## - Област на изданието
Сведения за изданието 2. прераб. и доп. изд.
257 ## - Страна на издаване
Страна на създаване/издаване България
260 ## - Област на издателските данни
Място на издаване, разпространение и проч. София
Име на издателя, разпространителя и проч. Земиздат
Година на издаване 1977
300 ## - Физическа характеристика
Страници 420 с.
Илюстрации и др. с ил.
Размери/Мащаб 20 см
380 ## - Жанр
Жанр Селско стопанство
500 ## - Общи забележки
Забележка Авт. не са дадени на кор.
650 #7 - Допълнително описание по предмет – тема
9 (RLIN) 164804
Основно описание – тема или топоним Овощарство
653 ## - Ключова дума – ненормативна
Ключова дума овощарство
653 #7 - Ключова дума – ненормативна
Ключова дума ръководства
9 (RLIN) 195943
700 1# - Други автори (авторска отговорност)
Лично име Ковачев, Георги Т.
Автороска отговорност (Описва отношението между автора и произведението) съавт.
9 (RLIN) 255023
700 1# - Други автори (авторска отговорност)
Лично име Манов, Стойне Лазаров
9 (RLIN) 255024
852 ## - Местоположение
Форматна сигнатура Цб 89485
Фондова буква Хранилище
856 4# - Електронен адрес и достъп
Електронен формат pdf - файл
Инструкция (цена за достъп) 0.00
Права за достъп disable
999 ## - СИСТЕМНИ КОНТРОЛНИ НОМЕРА
Koha biblionumber 56453
Koha biblioitemnumber 56453
942 ## - АРТИКУЛИ
Вид на библиотечния материал Книги
Скрит в OPAC Не
Периодичен библиозапис Да
Koha issues (borrowed), all copies 1
944 ## - СЪЗДАВАНЕ И РЕДАКЦИЯ на ЗАПИСА
Създаване/Редакция Създаване
Дата на регистрацията/редакция 13.06.2004
Служител, извършил регистрацията/редакцията 30575
Статус, дата на статуса Мартин Енчев
944 ## - СЪЗДАВАНЕ И РЕДАКЦИЯ на ЗАПИСА
Създаване/Редакция Редакция
Дата на регистрацията/редакция 31.08.2016
Служител, извършил регистрацията/редакцията Наталия_Любомирова
Наличности
Код за отписване Код за изгубен артикул Източник на класификационната схема Код за повреда Коз за рестрикции Код за отдаване Артикулен № Име на библиотеката - собственик Име на библиотеката, в която се намира в момента Статус (Текущо местоположение) Дата на вписване в системата Местоположение - отдел Цена в лева Инвентарен номер Систематично азбучна сигнатура Баркод Номер на екземпляра Цена в евро Служебна бележка Служебен тип на артикула
Изтеглен Не е изгубен Universal Decimal Classification Не е повреден без рестрикции ползва се в читалня 89602 Регионална библиотека "Любен Каравелов" Русе Регионална библиотека "Любен Каравелов" Русе Читалня 1993-01-01 Читалня 2.04 250260 Ч 634.1/В57Б 250260 1 1.04 Дата инв: 20.03.2017 Бележки инв: Ч2017 Книги
Изтеглен Не е изгубен Universal Decimal Classification Не е повреден без рестрикции заемане за дома 89603 Регионална библиотека "Любен Каравелов" Русе Регионална библиотека "Любен Каравелов" Русе Заемна - подръчен фонд 1977-01-01 Заемна - подръчен фонд 2.04 250255 Цб 89485 250255 2 1.04 N: стар фонд Дата: 01.01.1977 Книги
Изтеглен Не е изгубен Universal Decimal Classification Не е повреден без рестрикции заемане за дома 89604 Регионална библиотека "Любен Каравелов" Русе Регионална библиотека "Любен Каравелов" Русе Заемна - подръчен фонд 1977-01-01 Заемна - подръчен фонд 2.04 250256 Цб 89485 250256 3 1.04 N: стар фонд Дата: 01.01.1977 Книги
  Не е изгубен Universal Decimal Classification Не е повреден без рестрикции заемане за дома 89605 Регионална библиотека "Любен Каравелов" Русе Регионална библиотека "Любен Каравелов" Русе Заемна - подръчен фонд 1977-01-01 Заемна - подръчен фонд 2.04 250257 634.1/В 57 Б 120000250257 4 1.04 N: стар фонд Дата: 01.01.1977 Дата инв: 06.02.2018 Бележки инв: П2018 Книги
Изтеглен Не е изгубен Universal Decimal Classification Не е повреден без рестрикции заемане за дома 89606 Регионална библиотека "Любен Каравелов" Русе Регионална библиотека "Любен Каравелов" Русе Заемна - подръчен фонд 1977-01-01 Заемна - подръчен фонд 2.04 250258 Цб 89485 250258 5 1.04 N: стар фонд Дата: 01.01.1977 Книги
Изтеглен Не е изгубен Universal Decimal Classification Не е повреден без рестрикции заемане за дома 89607 Регионална библиотека "Любен Каравелов" Русе Регионална библиотека "Любен Каравелов" Русе Заемна - подръчен фонд 1977-01-01 Заемна - подръчен фонд 2.04 250259 Цб 89485 250259 6 1.04 N: стар фонд Дата: 01.01.1977 Книги
Изтеглен Не е изгубен Universal Decimal Classification Не е повреден без рестрикции заемане за дома 89608 Регионална библиотека "Любен Каравелов" Русе Регионална библиотека "Любен Каравелов" Русе Заемна - подръчен фонд 1977-01-01 Заемна - подръчен фонд 2.04 641890 Цб 89485 641890 7 1.04 N: стар фонд Дата: 01.01.1977 Книги
  Не е изгубен Universal Decimal Classification Не е повреден само за читалня ползва се в читалня 911447 Регионална библиотека "Любен Каравелов" Русе Регионална библиотека "Любен Каравелов" Русе Хранилище 2022-11-08 Хранилище 2.04 247276 Цб 89485 120000247276   1.04   Книги
Vip Innovations Ltd, Rousse, Bulgaria 2025